VŠFS, nová vysoká škola s finančním zaměřením
Vysoká škola finanční a správní je ďalšou súkromnou vysokou školou v ČR. Má akreditovaný sedemsemestrálny študijný program s odbormi bankovníctvo, poisťovníctvo, podnikové financie, verejné financie a správa. Príprava na zahájenie prvého akademického roka 2000/2001.
Salvato in:
| Autore principale: | |
|---|---|
| Natura: | Capitolo di libro |
| Lingua: | ceco |
| Soggetti: | |
| Tags: |
Nessun Tag, puoi essere il primo ad aggiungerne!!
|
MARC
| LEADER | 00000naa a2200000 4500 | ||
|---|---|---|---|
| 001 | r037475 | ||
| 005 | 20231003114040.5 | ||
| 041 | 0 | |a cze | |
| 044 | |a CZ | ||
| 245 | 1 | 0 | |a VŠFS, nová vysoká škola s finančním zaměřením |c Jana Chuchvalcová |
| 520 | |a Vysoká škola finanční a správní je ďalšou súkromnou vysokou školou v ČR. Má akreditovaný sedemsemestrálny študijný program s odbormi bankovníctvo, poisťovníctvo, podnikové financie, verejné financie a správa. Príprava na zahájenie prvého akademického roka 2000/2001. | ||
| 610 | 2 | 0 | |a Vysoká škola finanční a správní |
| 610 | 2 | 0 | |a školy vysoké odborné |
| 610 | 2 | 0 | |a financie |
| 610 | 2 | 0 | |a školy súkromné |
| 610 | 2 | 0 | |a Česko |
| 610 | 2 | 0 | |a odbory študijné |
| 610 | 2 | 0 | |a bankovníctvo |
| 610 | 2 | 0 | |a poisťovníctvo |
| 610 | 2 | 0 | |a financie podnikové |
| 610 | 2 | 0 | |a financie verejné |
| 610 | 2 | 0 | |a správa verejná |
| 100 | 1 | |a Chuchvalcová, Jana | |